000
00321 a2200145 4500
001
178489
020
_a
040
_c
Magnum
100
_a
Sauber, Robert
240
1
0
_a
Barbie em o quebra-nozes
_l
por
245
1
0
_a
Barbie em o quebra-nozes
362
0
_a
1899
697
_a
MAGNITO: I/AVENTURA, CRIANCAS
942
_c
BK
999
_c
178489
_d
178489